000 00663nam a22001931a 4500
001 1829
003 OSt
005 20260204211748.0
008 040122s2002||||dr ||||||b||||||||||spa||
050 _aRD 303.33 V438p
082 _aRD303.33 V438p SDT.13
100 _aVerdesoto, Luís
245 _aPolíticas públicas de estímulo al control social de la gestión pública: dimensiones conceptuales / Luis Verdesoto
264 _aSanto Domingo : INTEC
300 _a88 p.
490 _aColección Sociedad Civil Serie Documentos de Traba 13
650 _a1.Control Social 2.Participación Social 3.Sociedad Civil - República DominicanaÌ
942 _2ddc
_cBK
999 _c1829
_d1829